|
|
|
|
| LEADER |
00000cam a2200000 i 4500 |
| 001 |
1/71349 |
| 008 |
191010s1974####gr | ||| |||| ||gre|| |
| 020 |
|
|
|a 9600506248
|
| 035 |
|
|
|l 10030925
|
| 040 |
|
|
|a GR-MyUa
|b gre
|c GR-MyUa
|e AACR2
|
| 041 |
1 |
|
|a gre
|h ger
|
| 082 |
7 |
|
|a 292.2
|2 (22)
|
| 082 |
7 |
|
|a 292.13
|2 (23)
|
| 100 |
1 |
|
|a Kerényi, Karl,
|d 1897-1973.
|
| 245 |
1 |
2 |
|a Η μυθολογία των Ελλήνων /
|c Κ. Κερένυϊ ; μετάφραση Δημήτρη Σταυρόπουλου.
|
| 250 |
|
|
|a 12η έκδ.
|
| 260 |
|
|
|a Αθήνα :
|b Εστία,
|c 1974.
|
| 300 |
|
|
|a 659 σ. :
|b εικ. ;
|c 21 εκ.
|
| 500 |
|
|
|a Το Παράρτημα Ρόδου διαθέτει την έκδοση του 1996.
|
| 500 |
|
|
|a Το Παράρτημα Σύρου διαθέτει την 12η έκδοση του 2006.
|
| 500 |
|
|
|a Τίτλος πρωτοτύπου: Die Mythologie der Griechen.
|
| 500 |
|
|
|a Περιλαμβάνει ευρετήριο.
|
| 650 |
|
0 |
|a Mythology, Greek.
|
| 650 |
|
0 |
|a Heroes.
|
| 852 |
|
|
|a INST
|b RHODES
|e 19980526
|h 292.2 KER
|p 005400006575
|q 005400006575
|t BK
|y 0
|
| 852 |
|
|
|a INST
|b SYROS
|e 20191010
|h 292.13 KER
|p 005500014050
|q 005500014050
|t BK
|y 0
|
| 901 |
|
|
|a BIBL-1998-2
|
| 922 |
|
|
|a 4ΕΛΗ
|b 199802
|c ΚΠΣ/Ν
|d EMVASIS
|
| 970 |
|
|
|a Κοντού
|b Παρασκευή
|z 10/10/2019
|